| Tag |
First Indicator |
Second Indicator |
Subfields |
| LEADER |
00000cam a2200000 i 4500 |
| 001 |
in00004813821 |
| 008 |
930614s1975 nyua b 000 0 eng d |
| 005 |
20240808145520.3 |
| 035 |
|
|
|a (OCoLC)ocm28268333
|
| 040 |
|
|
|a TAG
|b eng
|e rda
|c TAG
|d OCLCQ
|d OCLCF
|d OCLCO
|d OCLCQ
|d OCLCO
|d OCLCQ
|
| 035 |
|
|
|a (OCoLC)28268333
|
| 050 |
|
4 |
|a VM163
|b .L4
|
| 049 |
|
|
|a MAIN
|
| 100 |
1 |
|
|a Lewis, Edward V,
|e author
|
| 245 |
1 |
0 |
|a Dynamic loadings due to waves and ship motions /
|c Edward V. Lewis, Robert B. Zubaly.
|
| 264 |
|
1 |
|a New York, N.Y. :
|b Society of Naval Architects and Marine Engineers,
|c [1975]
|
| 264 |
|
4 |
|c ©1975
|
| 300 |
|
|
|a 20 pages :
|b illustrations ;
|c 28 cm
|
| 336 |
|
|
|a text
|b txt
|2 rdacontent
|
| 337 |
|
|
|a unmediated
|b n
|2 rdamedia
|
| 338 |
|
|
|a volume
|b nc
|2 rdacarrier
|
| 500 |
|
|
|a Caption title.
|
| 500 |
|
|
|a "Paper to be presented at the Ship Structure Symposium, Washington, D.C., October 6-8, 1975."
|
| 504 |
|
|
|a Includes bibliographical references (pages 18-20).
|
| 590 |
|
|
|b TAG Physical Holdings 2
|
| 650 |
|
0 |
|a Hulls (Naval architecture)
|0 http://id.loc.gov/authorities/subjects/sh85062831
|
| 650 |
|
0 |
|a Strains and stresses.
|0 http://id.loc.gov/authorities/subjects/sh85128457
|
| 650 |
|
6 |
|a Contraintes (Mécanique)
|
| 650 |
|
7 |
|a stress.
|2 aat
|
| 650 |
|
7 |
|a strain.
|2 aat
|
| 650 |
|
7 |
|a Hulls (Naval architecture)
|2 fast
|0 (OCoLC)fst00962766
|
| 650 |
|
7 |
|a Strains and stresses.
|2 fast
|0 (OCoLC)fst01134288
|
| 700 |
1 |
|
|a Zubaly, Robert B.
|
| 710 |
2 |
|
|a Society of Naval Architects and Marine Engineers (U.S.)
|0 http://id.loc.gov/authorities/names/n79113962
|
| 994 |
|
|
|a 92
|b TAG
|
| 852 |
|
|
|a TAG
|b TAGC
|c galv,stk
|h VM163 .L4
|t c.1
|
| 876 |
|
|
|p 33620000888111
|v unmediated -- volume
|
| 999 |
f |
f |
|s 2be694f0-3522-498c-9e18-0e1f74d30f80
|i 3754dfb6-4b01-4833-b8cb-b8e4620b293c
|t 0
|
| 952 |
f |
f |
|p normal
|a Texas A&M University
|b Galveston Campus
|c Jack K. Williams Library
|d Galveston Stacks
|t 0
|e VM163 .L4
|h Library of Congress classification
|i unmediated -- volume
|m 33620000888111
|
| 998 |
f |
f |
|a VM163 .L4
|t 0
|l Galveston Stacks
|